Score 0/17 Timer 05:00
0 Plays Today
Hint: Updated for 2013 Answer % Correct
Pennsylvania Avenue Residence
88.8%
Florida Avenue Residence
87.6%
Illinois Street Residence
70.8%
Lincoln Avenue Residence
69.7%
Scott Hall
66.3%
Snyder Hall
62.9%
Hopkins Hall
58.4%
Weston Hall
58.4%
Nugent Hall
51.7%
Hint: Updated for 2013 Answer % Correct
Busey-Evans
48.3%
Allen Hall
42.7%
Taft-Van Doren
42.7%
Bousfield Hall
38.2%
Lundgren
31.5%
Barton
30.3%
Sherman Hall
20.2%
Daniels Hall
15.7%
Remove Ads.
Support Sporcle.
Get the best of Sporcle when you Go Orange. This ad-free experience offers more features, more stats, and more fun while also helping to support Sporcle. Thank you for becoming a member.

You're not logged in!

Compare scores with friends on all Sporcle quizzes.
OR
Log In

Show Comments

Extras

Top Quizzes Today


Score Distribution

Your Account Isn't Verified!

In order to create a playlist on Sporcle, you need to verify the email address you used during registration. Go to your Sporcle Settings to finish the process.

Report this User

Report this user for behavior that violates our Community Guidelines.

Details: